[Event "EU-chT U12"]
[Site "Thessaloniki"]
[Date "2022.07.17"]
[Round "6.4"]
[White "Bezeyko, Alexander"]
[Black "Zakin, Lior"]
[Result "0-1"]
[WhiteElo "1763"]
[BlackElo "1318"]
[PlyCount "100"]
[EventDate "2022.07.12"]
[EventType "team-swiss"]
[EventRounds "7"]
[EventCountry "GRE"]
[SourceTitle "EXT 2023"]
[Source "ChessBase"]
[SourceDate "2022.10.05"]
[SourceVersion "1"]
[SourceVersionDate "2022.10.05"]
[SourceQuality "1"]
[WhiteTeam "Ukraine U12"]
[BlackTeam "Rishon Le Zion U12"]
[WhiteTeamCountry "UKR"]
[BlackTeamCountry "ISR"]

1. Nf3 c5 2. c4 Nc6 3. b3 e5 4. d3 e4 5. dxe4 Qf6 6. e5 Nxe5 7. Nxe5 Qxe5 8. Qc2 Qxa1 9. Nc3 d5 10. cxd5 c4 11. bxc4 Bb4 12. Qa4+ Kd8 13. Qxb4 Qxc1+ 14. Nd1 Nf6 15. g3 Qh6 16. Bg2 Nd7 17. c5 a5 18. Qa3 Re8 19. Ne3 Ne5 20. h3 Qg6 21. 0-0 Re7 22. d6 Rd7 23. f4 Nc6 24. Nc4 Nd4 25. e4 Nc2 26. Qc3 Nb4 27. a3 Nc6 28. Kh2 f5 29. exf5 Qxf5 30. Ne5 Rf7 31. Nxf7+ Qxf7 32. Qb2 Ra6 33. Re1 Qf6 34. Qb3 Qf8 35. Bf1 a4 36. Qd5 Ra5 37. Be2 Bd7 38. Bh5 g6 39. Bg4 Bxg4 40. Qg5+ Kd7 41. hxg4 b6 42. Qd5 Rxc5 43. Qe6+ Kd8 44. d7 Rc2+ 45. Kg1 Qc5+ 46. Re3 Ne7 47. Qe4 Re2 48. Qa8+ Kxd7 49. Qb7+ Ke8 50. Qa8+ Kf7 0-1